Золото в рудах редкометалльного месторождения Сырымбет (Северный Казахстан); Известия Томского политехнического университета [Известия ТПУ]; Т. 321, № 1: Науки о Земле

Podrobná bibliografie
Parent link:Известия Томского политехнического университета [Известия ТПУ]/ Томский политехнический университет (ТПУ).— , 2000-
Т. 321, № 1: Науки о Земле.— 2012.— [С. 41-45]
Další autoři: Поцелуев А. А. Анатолий Алексеевич, Перегудов В. В., Бабкин Д. И. Дмитрий Иванович, Ананьев Ю. С. Юрий Сергеевич
Shrnutí:Заглавие с титульного листа
Электронная версия печатной публикации
В рудах Сырымбетского редкометалльного месторождения (Северо-Казахстанская складчатая область) изучены формы нахождения и характер распределения золота. Повышенные концентрации золота до 0,2 г/т выявлены в первичных рудах, локализованных как в породах шарыкской свиты, так и в гранитах. По размеру выделяются две формы золота: тонкое пылевидное (<200 меш) и крупное в основном 0,3…0,5 до 1 мм. Максимальные концентрации золота (41,3 г/т) отмечаются в темно-серых глинах, развитых по углеродистым сланцам. Минералогическими исследованиями золото выявлено в оловосодержащих гравиконцентратах. Установлены факторы, определяющие появление высоких концентраций благородных металлов.
Jazyk:ruština
Vydáno: 2012
Edice:Геология и полезные ископаемые
Témata:
On-line přístup:http://earchive.tpu.ru/bitstream/11683/4314/1/bulletin_tpu-2012-321-1-05.pdf
Médium: Elektronický zdroj Kapitola
KOHA link:https://koha.lib.tpu.ru/cgi-bin/koha/opac-detail.pl?biblionumber=222775

MARC

LEADER 00000nla2a2200000 4500
001 222775
005 20231220110300.0
035 |a (RuTPU)RU\TPU\book\242990 
035 |a RU\TPU\book\242947 
090 |a 222775 
100 |a 20121001d2012 k y0rusy50 ca 
101 0 |a rus 
102 |a RU 
135 |a drnn ---uucaa 
181 0 |a i  
182 0 |a b 
200 1 |a Золото в рудах редкометалльного месторождения Сырымбет (Северный Казахстан)  |f А. А. Поцелуев [и др.] 
203 |a Текст  |c электронный 
215 |a 1 файл (226 Кб) 
225 1 |a Геология и полезные ископаемые 
300 |a Заглавие с титульного листа 
300 |a Электронная версия печатной публикации 
320 |a [Библиогр.: с. 45 (14 назв.)] 
330 |a В рудах Сырымбетского редкометалльного месторождения (Северо-Казахстанская складчатая область) изучены формы нахождения и характер распределения золота. Повышенные концентрации золота до 0,2 г/т выявлены в первичных рудах, локализованных как в породах шарыкской свиты, так и в гранитах. По размеру выделяются две формы золота: тонкое пылевидное (<200 меш) и крупное в основном 0,3…0,5 до 1 мм. Максимальные концентрации золота (41,3 г/т) отмечаются в темно-серых глинах, развитых по углеродистым сланцам. Минералогическими исследованиями золото выявлено в оловосодержащих гравиконцентратах. Установлены факторы, определяющие появление высоких концентраций благородных металлов. 
337 |a Adobe Reader 
461 1 |0 (RuTPU)RU\TPU\book\176237  |t Известия Томского политехнического университета [Известия ТПУ]  |f Томский политехнический университет (ТПУ)  |d 2000- 
463 1 |0 (RuTPU)RU\TPU\book\242238  |x 1684-8519  |t Т. 321, № 1: Науки о Земле  |v [С. 41-45]  |d 2012  |p 232 с. 
610 1 |a золото 
610 1 |a олово 
610 1 |a формы нахождения 
610 1 |a редкометалльные месторождения 
610 1 |a месторождение Сырымбет 
610 1 |a Северный Казахстан 
610 1 |a труды учёных ТПУ 
610 1 |a электронный ресурс 
701 1 |a Поцелуев  |b А. А.  |c геолог  |c профессор Томского политехнического университета, доктор геолого-минералогических наук  |f 1952-  |g Анатолий Алексеевич  |3 (RuTPU)RU\TPU\pers\26071 
701 1 |a Перегудов  |b В. В. 
701 1 |a Бабкин  |b Д. И.  |c геолог  |c научный сотрудник Томского политехнического университета, кандидат геолого-минералогических наук  |f 1981-  |g Дмитрий Иванович  |3 (RuTPU)RU\TPU\pers\28759 
701 1 |a Ананьев  |b Ю. С.  |c российский геолог  |c доцент Томского политехнического университета, кандидат геолого-минералогических наук  |f 1966-  |g Юрий Сергеевич  |3 (RuTPU)RU\TPU\pers\26228  |9 12016 
801 1 |a RU  |b 63413507  |c 20090623  |g PSBO 
801 2 |a RU  |b 63413507  |c 20211230  |g PSBO 
856 4 |u http://earchive.tpu.ru/bitstream/11683/4314/1/bulletin_tpu-2012-321-1-05.pdf 
942 |c CF